| 000 | 00000nam 2200000za 4500 |
| 001 | 9.546071 |
| 003 | CaOODSP |
| 005 | 20220405154830 |
| 007 | ta |
| 008 | 150406s2008 quc # f000 0 fre d |
| 040 | |aCaOODSP|bfre |
| 041 | |afre|aeng |
| 043 | |an-cn--- |
| 086 | 1 |aP29-133-1-2008-1 |
| 245 | 00|aSecurity officers and security officer supervisors = |bAgents de sécurité et superviseurs des agents de sécurité |
| 246 | 11|aAgents de sécurité et superviseurs des agents de sécurité |
| 260 | |a[Gatineau] : |bOffice des normes générales du Canada, |c2008. |
| 300 | |a[1] p. ; |c28 cm. |
| 490 | 1 |aNorme nationale du Canada, |x0226-4587 ; |vno 133.1-2008 Rectificatif no 1 |
| 500 | |a« Mai 2008. » |
| 500 | |aTitre pris sur la couv. |
| 500 | |a« Expérience et excellence » -- Couv. |
| 520 | |a« Contenu du programme et nombre minimal d'heures de formation - B5. Responsabilités juridiques: Sous la colonne Nombre minimal d’heures de formation, changer le chiffre « 7 » pour le « 8 ». » -- p. [1]. |
| 546 | |aTexte en français et en anglais. |
| 692 | 07|2gccst|aSécurité |
| 692 | 07|2gccst|aFormation |
| 692 | 07|2gccst|aNorme |
| 710 | 2 |aOffice des normes générales du Canada. |
| 791 | |tSecurity officers and security officer supervisors = |eeng|w(CaOODSP)9.546070 |
| 795 | |tAgents de sécurité et superviseurs des agents de sécurité / |w(CaOODSP)9.545931 |
| 830 | #0|aNorme nationale du Canada,|x0226-4587 ; |vno 133.1-2008 Rectificatif no 1.|w(CaOODSP)9.509559 |
| 986 | |aICS 13.310 |